Principles of Mobile Computing and Communications
Na minha lista:
| Autor principal: | |
|---|---|
| Formato: | Livro |
| Idioma: | inglês |
| Publicado em: |
Boca Raton :
Auerbach Publications,
2008
|
| Assuntos: | |
| Tags: |
Sem tags, seja o primeiro a adicionar uma tag!
|
MARC
| LEADER | 00000nam a22000003a 4500 | ||
|---|---|---|---|
| 001 | stu175527 | ||
| 005 | 20150617225600.1 | ||
| 008 | 081106s2008----xxu-----------------eng-d | ||
| 020 | |a 1-4200-6158-5 | ||
| 040 | |a STU |b slo | ||
| 041 | 0 | |a eng | |
| 044 | |a xxu | ||
| 100 | 1 | |a Othman, Mazliza |4 aut | |
| 245 | 1 | |a Principles of Mobile Computing and Communications | |
| 260 | |a Boca Raton : |b Auerbach Publications, |c 2008 | ||
| 300 | |a 266 s | ||
| 650 | 7 | |a mobilné komunikačné systémy |2 stusub | |
| 996 | |b 284ID00130 |c I*5MS5981 |l II680 |s A |a 24 |w stu175527_0001 | ||